[Event "XXXIV Moglianoscacchi C"]
[Site "Mogliano Veneto ITA"]
[Date "2013.04.27"]
[Round "4"]
[White "Pomponio, Stefano"]
[Black "De Col, Daniele"]
[WhiteElo "1510"]
[BlackElo "1418"]
[Result "1-0"]
[PlyCount "29"]
[EventDate "2013.04.25"]

1. Nf3 c5 2. e4 d6 3. Bc4 e5 4. c3 Nc6 5. d3 h6 6. Be3 Bg4 7. h3 Bh5 8. Nbd2
Be7 9. a3 a5 10. Nf1 Qd7 11. Ng3 Bxf3 12. Qxf3 Nf6 13. Nf5 O-O 14. Qg3 Nh5 15.
Qg4 1-0

[Event "XXXIV Moglianoscacchi C"]
[Site "Mogliano Veneto ITA"]
[Date "2013.04.27"]
[Round "4"]
[White "Rigo, Mario"]
[Black "Beltrame, Leonardo"]
[WhiteElo "1483"]
[BlackElo "1552"]
[Result "1/2-1/2"]
[PlyCount "97"]
[EventDate "2013.04.25"]

1. e4 e6 2. d4 d5 3. Nc3 dxe4 4. Nxe4 Nf6 5. Nxf6+ Qxf6 6. Nf3 Qd8 7. Bc4 Bd6
8. O-O O-O 9. Qd3 Be7 10. Bf4 Nc6 11. c3 Na5 12. Rad1 Nxc4 13. Qxc4 c6 14. Rfe1
Qb6 15. Re2 Rd8 16. Red2 Qb5 17. Qxb5 cxb5 18. Ne5 f6 19. Nf3 b6 20. Re1 Bd6
21. Bxd6 Rxd6 22. Rd3 Bb7 23. Ree3 Bd5 24. b3 a5 25. Nd2 Rc8 26. Re1 Rdc6 27.
Rc1 Kf7 28. f3 Ke7 29. Kf2 Kd7 30. h4 R6c7 31. Nf1 a4 32. Nd2 axb3 33. axb3 Ra7
34. c4 Rac7 35. Rdc3 bxc4 36. bxc4 b5 37. c5 b4 38. Re3 Rb8 39. Nc4 b3 40. Rec3
Bxc4 41. Rxc4 b2 42. Rb1 Ra7 43. Rc2 Ra2 44. f4 Rb3 45. Rd2 Kc6 46. Ke2 Kd5 47.
Rc2 Kc6 48. Rd2 Rg3 49. Kf2 1/2-1/2

[Event "XXXIV Moglianoscacchi C"]
[Site "Mogliano Veneto ITA"]
[Date "2013.04.27"]
[Round "4"]
[White "Schiera, Ignazio"]
[Black "Rocelli, Bruno"]
[WhiteElo "1476"]
[BlackElo "1422"]
[Result "1-0"]
[PlyCount "95"]
[EventDate "2013.04.25"]

1. e4 c5 2. Nc3 Nc6 3. f4 e5 4. fxe5 Nxe5 5. Nf3 Nxf3+ 6. Qxf3 Qf6 7. Be2 a6 8.
O-O Qxf3 9. Bxf3 Ne7 10. d3 d6 11. Bf4 Ng6 12. Bg5 Be6 13. Nd5 Rc8 14. Bd2 Bxd5
15. exd5 Be7 16. Bc3 O-O 17. Be4 c4 18. Bd4 cxd3 19. Bxd3 Rfe8 20. Rf2 Bg5 21.
Raf1 Re7 22. g3 Rce8 23. h4 Bh6 24. Kg2 f6 25. Bf5 Ne5 26. Be6+ Kh8 27. Bxe5
dxe5 28. Re2 Rc7 29. Rf3 Rc5 30. b3 Re7 31. c4 b5 32. Rc3 g5 33. hxg5 Bxg5 34.
Rec2 b4 35. Rd3 e4 36. Rd4 e3 37. Re4 Re8 38. Kf3 Kg7 39. Bf5 Re5 40. Rxe5 fxe5
41. Ke4 Bf6 42. Kxe3 Be7 43. Ke4 Bd6 44. Rh2 h6 45. Rh4 Be7 46. Rg4+ Bg5 47.
Kxe5 a5 48. Kd6 1-0

[Event "XXXIV Moglianoscacchi C"]
[Site "Mogliano Veneto ITA"]
[Date "2013.04.27"]
[Round "4"]
[White "Serradura, Gianluca"]
[Black "Piazzetta, Mattia"]
[WhiteElo "1551"]
[BlackElo "1389"]
[Result "0-1"]
[PlyCount "84"]
[EventDate "2013.04.25"]

1. e4 c5 2. d4 cxd4 3. c3 dxc3 4. Nxc3 Nc6 5. Nf3 d6 6. Bc4 g6 7. Ng5 e6 8. Qe2
Bg7 9. Nf3 Nge7 10. Bf4 O-O 11. Rd1 Qa5 12. Qc2 Ne5 13. Nxe5 Bxe5 14. Bxe5 dxe5
15. O-O b6 16. a3 Qc5 17. Ba2 Ba6 18. b4 Qc6 19. Rfe1 Rac8 20. Re3 Rfd8 21.
Rxd8+ Rxd8 22. Qb3 Rd3 23. Rxd3 Bxd3 24. h3 Bxe4 25. b5 Qb7 26. Qb4 Bxg2 27.
Qg4 Qf3 28. Qxg2 Qxc3 29. Qa8+ Nc8 30. Kg2 Kg7 31. Qb7 Kf6 32. Qd7 Qxa3 33.
Qd8+ Kf5 34. Bb1+ e4 35. Qxc8 Qf3+ 36. Kh2 Qxf2+ 37. Kh1 Qe1+ 38. Kg2 Qxb1 39.
Qc3 Qxb5 40. Qc2 Qd3 41. Qb2 e3 42. h4 Qd2+ 0-1

[Event "XXXIV Moglianoscacchi C"]
[Site "Mogliano Veneto ITA"]
[Date "2013.04.27"]
[Round "4"]
[White "Sponchiado, Dario"]
[Black "Balzan, Alessandro"]
[WhiteElo "1434"]
[BlackElo "1530"]
[Result "0-1"]
[PlyCount "72"]
[EventDate "2013.04.25"]

1. d4 Nf6 2. c4 g6 3. Nc3 Bg7 4. e4 d6 5. Be3 O-O 6. Nf3 Nbd7 7. Be2 Re8 8. O-O
e5 9. dxe5 Nxe5 10. Nxe5 dxe5 11. f3 Be6 12. Qb3 b6 13. Rad1 Qe7 14. Nd5 Nxd5
15. cxd5 Bd7 16. Qc2 Qd6 17. Rc1 c6 18. dxc6 Rec8 19. c7 a6 20. Rfd1 Qe6 21.
Bc4 Qe7 22. Bxb6 Bh6 23. Rb1 Bb5 24. Rd8+ Kg7 25. Rxc8 Rxc8 26. Bxb5 axb5 27.
Rd1 Qe6 28. Qc5 Bg5 29. Rd6 Be3+ 30. Qxe3 Qxd6 31. Ba5 Qa6 32. Qb6 Qxb6+ 33.
Bxb6 Kf6 34. Kf2 Ke6 35. Ke3 Kd6 36. b4 Kc6 0-1

[Event "XXXIV Moglianoscacchi C"]
[Site "Mogliano Veneto ITA"]
[Date "2013.04.27"]
[Round "4"]
[White "Viviani, Tommaso"]
[Black "Seguso, Arturo"]
[WhiteElo "1568"]
[BlackElo "1434"]
[Result "1-0"]
[PlyCount "76"]
[EventDate "2013.04.25"]

1. e4 Nf6 2. Nc3 d5 3. exd5 Nxd5 4. Bc4 c6 5. Qf3 e6 6. Nge2 Nd7 7. d4 Be7 8.
O-O b6 9. Nxd5 cxd5 10. Bd3 e5 11. Qxd5 Rb8 12. dxe5 Bb7 13. Qb3 O-O 14. e6 Nc5
15. exf7+ Kh8 16. Qc4 Bd5 17. Qg4 Nxd3 18. cxd3 Bxf7 19. d4 Rc8 20. Nc3 Rc6 21.
Be3 Rg6 22. Qe4 Be6 23. Rfd1 Bf5 24. Qb7 Bg4 25. Qxa7 Bh3 26. g3 Qc8 27. Qxe7
Qf5 28. Qe4 Qf7 29. f4 Rg4 30. d5 Re8 31. Qf3 Qg6 32. d6 Rh4 33. f5 Bxf5 34.
Rd4 Rxd4 35. Bxd4 Bg4 36. Qf2 Qxd6 37. Qf4 Qg6 38. Rf1 Bh3 1-0

[Event "XXXIV Moglianoscacchi C"]
[Site "Mogliano Veneto ITA"]
[Date "2013.04.28"]
[Round "5"]
[White "Balzan, Alessandro"]
[Black "Rigo, Mario"]
[WhiteElo "1530"]
[BlackElo "1483"]
[Result "1-0"]
[PlyCount "50"]
[EventDate "2013.04.25"]

1. e4 e5 2. Nf3 Nc6 3. d4 exd4 4. Bc4 Bc5 5. c3 dxc3 6. Bxf7+ Kxf7 7. Qd5+ Ke8
8. Qxc5 d6 9. Qxc3 Qe7 10. O-O h6 11. Bf4 Kf7 12. e5 d5 13. Qb3 b5 14. Be3 Qe6
15. Nc3 Nge7 16. Nxb5 Qd7 17. Nfd4 Nxd4 18. Bxd4 Re8 19. e6+ Kxe6 20. Rfe1+ Kf7
21. Qf3+ Nf5 22. Rxe8 Kxe8 23. Re1+ Kf8 24. Bc5+ Kg8 25. Qh5 c6 {...} 1-0

[Event "XXXIV Moglianoscacchi C"]
[Site "Mogliano Veneto ITA"]
[Date "2013.04.28"]
[Round "5"]
[White "Beltrame, Leonardo"]
[Black "Piazzetta, Mattia"]
[WhiteElo "1552"]
[BlackElo "1389"]
[Result "1-0"]
[PlyCount "59"]
[EventDate "2013.04.25"]

1. e4 c5 2. Nf3 Nc6 3. d4 cxd4 4. Nxd4 g6 5. Nc3 Bg7 6. Be3 d6 7. Bc4 Nf6 8. f3
O-O 9. Qd2 Bd7 10. O-O-O a6 11. g4 b5 12. Bb3 Nxd4 13. Bxd4 Be6 14. h4 Bxb3 15.
axb3 Qc7 16. h5 e5 17. Be3 Ne8 18. Nd5 Qd8 19. Qh2 g5 20. Bb6 Qd7 21. h6 Bh8
22. Qd2 f6 23. Be3 Qd8 24. Rh5 Rb8 25. Nc3 Ra8 26. Bxg5 fxg5 27. Rxg5+ Kf7 28.
Qd5+ Kf6 29. Rf5+ Kg6 30. Rxf8 1-0

[Event "XXXIV Moglianoscacchi C"]
[Site "Mogliano Veneto ITA"]
[Date "2013.04.28"]
[Round "5"]
[White "De Luca, Stefano"]
[Black "Bellucco, Nicola"]
[WhiteElo "1380"]
[BlackElo "1428"]
[Result "0-1"]
[PlyCount "130"]
[EventDate "2013.04.25"]

1. d4 Nf6 2. Nf3 g6 3. Bf4 Bg7 4. e3 O-O 5. Be2 d6 6. h3 Nbd7 7. O-O c5 8. c4
b6 9. Nc3 Bb7 10. d5 Re8 11. e4 Qc7 12. Nb5 Qb8 13. Nc3 h6 14. Re1 e5 15. Bd2
Qd8 16. Qc1 Kh7 17. Bd3 Nf8 18. a4 a5 19. Nb5 Re7 20. Nh4 Ne8 21. f4 Nc7 22.
Rf1 Nxb5 23. axb5 Rd7 24. Qe1 exf4 25. Nf3 Bxb2 26. Ra2 Be5 27. Nh4 g5 28. Nf3
Qf6 29. Nxe5 dxe5 30. Be2 Bc8 31. Kh2 Ng6 32. g3 Rd6 33. g4 Ne7 34. Bc3 Qg7 35.
Qa1 f6 36. Bf3 Bd7 37. Bxa5 bxa5 38. Rxa5 Rc8 39. Rb1 Rb6 40. Ra6 Rcb8 41. Qa5
Nc8 42. Ra8 Qe7 43. Rxb8 Rxb8 44. b6 Qd8 45. Qxc5 Rxb6 46. Qa5 Qc7 47. Rxb6
Qxb6 48. Qxb6 Nxb6 49. c5 Nc8 50. Kg2 Bb5 51. Kf2 Kg7 52. Be2 Bxe2 53. Kxe2 Kf7
54. d6 Ke6 55. Kd3 Kd7 56. Kc4 Kc6 57. Kd3 Na7 58. Kc4 Kd7 59. Kd3 Nc6 60. Ke2
Na5 61. Kd3 Nb7 62. Kc4 Kc6 63. d7 Kxd7 64. Kd5 Nxc5 65. Kxc5 f3 0-1

[Event "XXXIV Moglianoscacchi C"]
[Site "Mogliano Veneto ITA"]
[Date "2013.04.28"]
[Round "5"]
[White "Luu, Gianmarco"]
[Black "Schiera, Ignazio"]
[WhiteElo "1392"]
[BlackElo "1476"]
[Result "1-0"]
[PlyCount "159"]
[EventDate "2013.04.25"]

1. e4 d6 2. d4 Nf6 3. Nc3 g6 4. f4 Bg7 5. Nf3 a6 6. e5 Nfd7 7. Be3 Nb6 8. Bd3
e6 9. O-O d5 10. b3 Nc6 11. a3 Ne7 12. Kh1 Nf5 13. Bf2 O-O 14. Rg1 c6 15. g4
Nh6 16. g5 Nf5 17. Nh4 Bd7 18. Nxf5 exf5 19. h4 Qc7 20. h5 Rfe8 21. Qf3 Be6 22.
Kg2 Nd7 23. Rh1 Nf8 24. h6 Bh8 25. Qe2 Bd7 26. Nd1 Ne6 27. Be3 Qb6 28. Qf2 Rac8
29. b4 Nc7 30. c3 Be6 31. a4 Na8 32. a5 Qd8 33. Bd2 Re7 34. Qe1 Rd7 35. Rc1 Nc7
36. Be3 Nb5 37. Kg3 Na3 38. Rh2 Nc4 39. Bxc4 dxc4 40. Nb2 Rdc7 41. Rd1 Qd5 42.
Bf2 Rb8 43. Qe3 b6 44. Ra1 b5 45. Qf3 Qd7 46. Rd1 Bd5 47. Qe2 Re8 48. Qd2 Rcc8
49. Bg1 Re7 50. Re2 Rce8 51. Rde1 Be4 52. Bf2 Qd5 53. Bg1 Bf3 54. Re3 Bg4 55.
Bf2 Kf8 56. Bg1 Qh1 57. Kf2 Qd5 58. Bh2 Rd8 59. Bg1 Bh3 60. Rg3 Bg4 61. Bh2 Re6
62. Rge3 Rde8 63. Bg1 Ke7 64. Bh2 Kd7 65. Bg1 Kc7 66. Bh2 Kb7 67. Bg1 Rd8 68.
Bh2 Kc7 69. Bg1 Bxe5 70. fxe5 Qh1 71. Rg3 Qd5 72. Bh2 c5 73. bxc5 Rb8 74. Reg1
Rxe5 75. Re3 Rbe8 76. Bxe5+ Rxe5 77. Rxe5 Qf3+ 78. Ke1 f4 79. Re7+ Kc6 80. Qg2
1-0

[Event "XXXIV Moglianoscacchi C"]
[Site "Mogliano Veneto ITA"]
[Date "2013.04.28"]
[Round "5"]
[White "Rocelli, Bruno"]
[Black "Viviani, Tommaso"]
[WhiteElo "1422"]
[BlackElo "1568"]
[Result "0-1"]
[PlyCount "66"]
[EventDate "2013.04.25"]

1. e4 d6 2. h3 Nf6 3. Nc3 g6 4. Nf3 Bg7 5. Bc4 O-O 6. d3 c5 7. O-O Nc6 8. Be3
Qb6 9. Rb1 Qa5 10. a3 a6 11. Bd2 Qc7 12. Nd5 Nxd5 13. Bxd5 e6 14. Bxc6 Qxc6 15.
Nh2 d5 16. exd5 exd5 17. f4 Bd7 18. Qf3 Rae8 19. Ng4 f5 20. Ne3 d4 21. Qxc6
Bxc6 22. Nc4 Re2 23. Rf2 Rfe8 24. Rxe2 Rxe2 25. Re1 Rxg2+ 26. Kf1 Rh2 27. Na5
Rxd2 28. Nxc6 Bf6 29. Ne7+ Kf7 30. Nd5 Rxc2 31. Re2 Rxe2 32. Kxe2 Bd8 33. a4
Ke6 0-1

[Event "XXXIV Moglianoscacchi C"]
[Site "Mogliano Veneto ITA"]
[Date "2013.04.28"]
[Round "5"]
[White "Seguso, Arturo"]
[Black "Chin, Roberto"]
[WhiteElo "1434"]
[BlackElo "1629"]
[Result "0-1"]
[PlyCount "80"]
[EventDate "2013.04.25"]

1. e4 d6 2. Nc3 Nf6 3. d4 g6 4. Bf4 Bg7 5. e5 Nfd7 6. Nf3 O-O 7. Bc4 Nb6 8. Bb3
c5 9. Nd5 Nxd5 10. Bxd5 e6 11. Bb3 cxd4 12. exd6 Nc6 13. Qd2 e5 14. Bh6 Qxd6
15. Bxg7 Kxg7 16. a3 Be6 17. Bxe6 Qxe6 18. O-O Rad8 19. Rfe1 h6 20. h3 Rfe8 21.
b4 Qc4 22. Re4 f5 23. Rh4 h5 24. Qg5 Kh7 25. Qf6 e4 26. Ng5+ Kh6 27. Rxh5+ Kxh5
28. Nf7 Qxf7 29. Qxf7 d3 30. cxd3 exd3 31. Qh7+ Kg5 32. h4+ Kf6 33. Qh6 d2 34.
Kh2 Re1 35. h5 Rxa1 36. Qxg6+ Ke7 37. Qg7+ Ke8 38. Qg6+ Kd7 39. Qg7+ Kc8 40.
Qxa1 d1=Q 0-1

[Event "XXXIV Moglianoscacchi C"]
[Site "Mogliano Veneto ITA"]
[Date "2013.04.28"]
[Round "5"]
[White "Sponchiado, Dario"]
[Black "Serradura, Gianluca"]
[WhiteElo "1434"]
[BlackElo "1551"]
[Result "1/2-1/2"]
[PlyCount "27"]
[EventDate "2013.04.25"]

1. d4 d6 2. c4 e5 3. dxe5 dxe5 4. Qxd8+ Kxd8 5. Nf3 f6 6. g3 c6 7. Bg2 Be6 8.
b3 Nd7 9. Bb2 a5 10. Nc3 Kc7 11. Rc1 Bc5 12. O-O g5 13. Ne4 Be7 {...} 14. Rfd1
1/2-1/2

[Event "XXXIV Moglianoscacchi C"]
[Site "Mogliano Veneto ITA"]
[Date "2013.04.28"]
[Round "5"]
[White "Vastano, Ciro"]
[Black "Pomponio, Stefano"]
[WhiteElo "1610"]
[BlackElo "1510"]
[Result "1-0"]
[PlyCount "193"]
[EventDate "2013.04.25"]

1. e4 e5 2. d4 exd4 3. c3 dxc3 4. Bc4 Qe7 5. Nxc3 c6 6. Nge2 b5 7. Bd3 d6 8.
O-O Bg4 9. Re1 Nd7 10. f4 Nc5 11. Bc2 g6 12. h3 Bd7 13. Nd4 Bg7 14. Nd5 Qd8 15.
Nb4 Ne7 16. Nf3 a5 17. Nd3 Nb7 18. Be3 O-O 19. Qe2 Re8 20. Rad1 Qc8 21. Qf2 c5
22. b3 Bc6 23. Nc1 b4 24. Ne2 f5 25. Ng3 fxe4 26. Nxe4 Nf5 27. Bc1 Nd4 28. Bb1
Nxf3+ 29. Qxf3 d5 30. Nf2 Qd7 31. Qg3 d4 32. Bd3 Kh8 33. Qh4 Kg8 34. Ng4 Nd6
35. Ne5 Bxe5 36. fxe5 Nf7 37. Bc4 Qe7 38. Bg5 Qb7 39. Rd2 Bd5 40. e6 Bxc4 41.
bxc4 Nxg5 42. Qxg5 Qe7 43. Qe5 Ra6 44. Rde2 d3 45. Re3 d2 46. Rd1 Rxe6 47.
Qxe6+ Qxe6 48. Rxe6 Rxe6 49. Rxd2 Rb6 50. Kf2 Kf7 51. Ke1 Re6+ 52. Kd1 Re4 53.
Rd7+ Kf6 54. Ra7 Rxc4 55. Rxa5 Ke5 56. Ra7 h6 57. Ra6 Kf4 58. g4 Kg5 59. h4+
Kxh4 60. Rxg6 Rxg4 61. Rxh6+ Kg3 62. Kc2 Rc4+ 63. Kb2 Kf3 64. Re6 Re4 65. Rh6
Ke3 66. Rh3+ Kd4 67. Rh2 Re3 68. Rh7 Re2+ 69. Kb3 Re3+ 70. Kb2 c4 71. Rb7 c3+
72. Kb3 Kd3 73. Rd7+ Ke2 74. Kxb4 c2 75. Rc7 Kd2 76. Rd7+ Rd3 77. Rc7 Rd4+ 78.
Kb3 Rd3+ 79. Kb2 c1=Q+ 80. Rxc1 Rd7 81. Rc3 Rb7+ 82. Rb3 Ra7 83. Rb4 Kd3 84.
Kb3 Ra6 85. a4 Rc6 86. a5 Rc3+ 87. Ka4 Rc8 88. a6 Kc3 89. Rg4 Ra8 90. Ka5 Ra7
91. Kb6 Rf7 92. Rg6 Rf8 93. a7 Kc4 94. Kb7 Rf7+ 95. Kb6 Rf8 96. Rg7 Rf6+ 97.
Kb7 1-0

[Event "XXXIV Moglianoscacchi C"]
[Site "Mogliano Veneto ITA"]
[Date "2013.04.28"]
[Round "6"]
[White "Balzan, Alessandro"]
[Black "Beltrame, Leonardo"]
[WhiteElo "1530"]
[BlackElo "1552"]
[Result "1/2-1/2"]
[PlyCount "37"]
[EventDate "2013.04.25"]

1. e4 e6 2. d4 d5 3. Nc3 dxe4 4. Nxe4 Be7 5. Nf3 Nf6 6. Nxf6+ Bxf6 7. c3 O-O 8.
Bd3 Nc6 9. O-O g6 10. Bf4 Re8 11. Re1 a6 12. Ne5 Nxe5 13. Bxe5 Bd7 14. Qf3 Bxe5
15. Rxe5 Bc6 16. Qh3 Qf6 17. Rae1 Rad8 18. Be4 Bxe4 19. R1xe4 1/2-1/2

[Event "XXXIV Moglianoscacchi C"]
[Site "Mogliano Veneto ITA"]
[Date "2013.04.28"]
[Round "6"]
[White "Chin, Roberto"]
[Black "Serradura, Gianluca"]
[WhiteElo "1629"]
[BlackElo "1551"]
[Result "1-0"]
[PlyCount "25"]
[EventDate "2013.04.25"]

1. d4 d6 2. Nf3 Nd7 3. e3 Ngf6 4. Bd3 e5 5. Nbd2 Be7 6. b3 c6 7. Bb2 O-O 8.
dxe5 dxe5 9. Nxe5 Nxe5 10. Bxe5 Qa5 11. Bb2 Bg4 12. f3 Bh5 13. O-O {...} 1-0

[Event "XXXIV Moglianoscacchi C"]
[Site "Mogliano Veneto ITA"]
[Date "2013.04.28"]
[Round "6"]
[White "De Col, Daniele"]
[Black "Bellucco, Nicola"]
[WhiteElo "1418"]
[BlackElo "1428"]
[Result "1/2-1/2"]
[PlyCount "56"]
[EventDate "2013.04.25"]

1. Nf3 Nf6 2. Nc3 g6 3. e4 d6 4. d4 Bg7 5. g3 O-O 6. Bg2 Nbd7 7. e5 dxe5 8.
dxe5 Ng4 9. e6 fxe6 10. O-O Nb6 11. Qe2 Nd5 12. Rd1 Bxc3 13. Ng5 Bg7 14. Qxg4
Nf6 15. Qe2 Qe8 16. Nxe6 Bxe6 17. Qxe6+ Qf7 18. Qe2 c6 19. Bh3 Kh8 20. Bg5 h6
21. Bxf6 Bxf6 22. c3 Rad8 23. Be6 Qg7 24. Rxd8 Rxd8 25. Rd1 Rd6 26. Bc8 Rxd1+
27. Qxd1 e5 28. Qb3 b6 1/2-1/2

[Event "XXXIV Moglianoscacchi C"]
[Site "Mogliano Veneto ITA"]
[Date "2013.04.28"]
[Round "6"]
[White "Piazzetta, Mattia"]
[Black "Luu, Gianmarco"]
[WhiteElo "1389"]
[BlackElo "1392"]
[Result "1/2-1/2"]
[PlyCount "54"]
[EventDate "2013.04.25"]

1. d4 d5 2. c4 e6 3. cxd5 exd5 4. Nc3 Nf6 5. Nf3 Bb4 6. Qa4+ Nc6 7. Ne5 Bxc3+
8. bxc3 Qd6 9. Ba3 Qe6 10. e3 Nd7 11. Nxc6 Qxc6 12. Qxc6 bxc6 13. Bd3 Nb6 14.
O-O Be6 15. Rfe1 f5 16. f3 Kd7 17. e4 f4 18. exd5 cxd5 19. Re5 Nc4 20. Bxc4
dxc4 21. Rae1 Rhe8 22. Bc1 Rab8 23. Bxf4 Rb2 24. R5e2 Rb7 25. h3 h6 26. a4 Rb3
27. Bxc7 Rxc3 1/2-1/2

[Event "XXXIV Moglianoscacchi C"]
[Site "Mogliano Veneto ITA"]
[Date "2013.04.28"]
[Round "6"]
[White "Pomponio, Stefano"]
[Black "Rocelli, Bruno"]
[WhiteElo "1510"]
[BlackElo "1422"]
[Result "0-1"]
[PlyCount "65"]
[EventDate "2013.04.25"]

1. e4 c5 2. Nf3 Nc6 3. c3 a6 4. Bc4 e5 5. d3 h6 6. Be3 d6 7. d4 cxd4 8. cxd4
Bg4 9. O-O Nf6 10. Nbd2 exd4 11. Bf4 Be7 12. h3 Bh5 13. g4 Bg6 14. Re1 Qb6 15.
Bb3 O-O 16. Nc4 Qd8 17. e5 dxe5 18. Ncxe5 Nxe5 19. Nxe5 Kh7 20. Nxg6 fxg6 21.
Re6 Bc5 22. Qd3 Qd7 23. Rae1 Rae8 24. Qc4 Rxe6 25. Rxe6 Rc8 26. Qd3 Re8 27.
Rxe8 Qxe8 28. Bc2 Nd5 29. Bd2 b5 30. f4 Ne3 31. Qe2 Qe7 32. Kh2 Nxc2 33. Qd3
0-1

[Event "XXXIV Moglianoscacchi C"]
[Site "Mogliano Veneto ITA"]
[Date "2013.04.28"]
[Round "6"]
[White "Vastano, Ciro"]
[Black "Sponchiado, Dario"]
[WhiteElo "1610"]
[BlackElo "1434"]
[Result "0-1"]
[PlyCount "113"]
[EventDate "2013.04.25"]

1. e4 e5 2. d4 exd4 3. c3 dxc3 4. Bc4 Bb4 5. bxc3 Ba5 6. Nf3 Nf6 7. e5 Ne4 8.
Qd5 O-O 9. Qxe4 c6 10. Bd3 g6 11. O-O Re8 12. Qf4 Bc7 13. Qh6 Bxe5 14. Ng5 Bg7
15. Qxh7+ Kf8 16. Nxf7 Qf6 17. Ba3+ Kxf7 18. Qh3 Rh8 19. Qg3 Bh6 20. f4 d5 21.
f5 g5 22. Qc7+ Nd7 23. Bc5 Qe5 24. Qxe5 Nxe5 25. Bd4 Re8 26. Bc2 Ng4 27. Bd1
Nf6 28. Nd2 g4 29. Nb3 Be3+ 30. Bxe3 Rxe3 31. Rc1 Re5 32. Bc2 Ne4 33. Bd1 g3
34. Bh5+ Kf6 35. Bg6 Bxf5 36. Bxf5 Rxf5 37. Rxf5+ Kxf5 38. Rf1+ Ke5 39. Nd4
gxh2+ 40. Kxh2 Rh8+ 41. Kg1 Nxc3 42. Nf3+ Kd6 43. Ng5 Rg8 44. Nf3 c5 45. Nd2
Ne4 46. Nb3 b6 47. Rf7 a5 48. Rh7 Rf8 49. Rg7 a4 50. Nc1 b5 51. g4 c4 52. g5 d4
53. g6 d3 54. Nxd3 cxd3 55. Rf7 Rxf7 56. gxf7 Ke7 57. Kf1 0-1

[Event "XXXIV Moglianoscacchi C"]
[Site "Mogliano Veneto ITA"]
[Date "2013.04.28"]
[Round "6"]
[White "Viviani, Tommaso"]
[Black "Rigo, Mario"]
[WhiteElo "1568"]
[BlackElo "1483"]
[Result "1-0"]
[PlyCount "66"]
[EventDate "2013.04.25"]

1. e4 e5 2. Nf3 Nc6 3. d4 exd4 4. Nxd4 Bc5 5. Be3 Qf6 6. c3 Nge7 7. Bc4 O-O 8.
O-O d6 9. Nb5 Bxe3 10. fxe3 Qg6 11. Nxc7 Rb8 12. Nd5 Qxe4 13. Nd2 Qg6 14. e4 b5
15. Bd3 Nxd5 16. exd5 Qxd3 17. dxc6 Qe3+ 18. Kh1 Qb6 19. Qf3 Be6 20. Ne4 Bd5
21. Nf6+ gxf6 22. Qxd5 Qc5 23. Qxc5 dxc5 24. Rxf6 Rb6 25. Raf1 Ra6 26. c7 Rxa2
27. Rxf7 Rxf7 28. c8=Q+ Kg7 29. Rxf7+ Kxf7 30. Qf5+ Ke7 31. Qxc5+ Kf6 32. Qd6+
Kg7 33. Qe7+ Kg6 1-0